[Event "9th Sunway Sitges TB 7-8 2022"]
[Site "Sitges ESP"]
[Date "2022.12.22"]
[Round "1.1"]
[White "Bernadskiy, Vitaliy"]
[Black "Karthikeyan, Murali"]
[Result "1/2-1/2"]
[WhiteTitle "GM"]
[BlackTitle "GM"]
[WhiteElo "2617"]
[BlackElo "2620"]
[WhiteFideId "14100371"]
[BlackFideId "5074452"]

1. d3 d5 2. Nd2 Nf6 3. g3 e5 4. Bg2 Bd6 5. e4 dxe4 6. dxe4 O-O 7. Ngf3 b6 8. O-O
a5 9. Re1 Ba6 10. Nf1 Nbd7 11. Ne3 Re8 12. Nf5 Bb4 13. c3 Bf8 14. Bg5 h6 15. Bh4
g6 16. Ne3 Bg7 17. Bh3 g5 18. Nxg5 hxg5 19. Bxg5 Nc5 20. Qf3 Ncxe4 21. Bh4 Nd2
22. Qc6 Rb8 23. Red1 Bb7 24. Qa4 Nf3+ 25. Kf1 Nxh2+ 26. Kg1 Nf3+ 27. Kf1 Qe7 28.
Nf5 Qc5 29. Bxf6 Nh2+ 30. Kg1 Nf3+ 31. Kf1 Bxf6 32. Rd7 Nh2+ 33. Kg1 Bc6 34.
Nh6+ Kh8 35. Nxf7+ Kg7 36. Nxe5+ Bxd7 37. Nxd7 Nf3+ 38. Kf1 Qd5 39. Qg4+ Ng5 40.
Bg2 Qe6 41. Qxe6 Nxe6 42. Nxb8 Rxb8 43. Rd1 Rd8 44. Rxd8 Bxd8 45. Ke2 Kf6 46.
Kd3 Be7 47. Kc4 Bc5 48. f3 Bf2 49. g4 Nf4 50. Bf1 c6 51. a4 Ke5 52. b4 Kd6 53.
Kb3 Be1 54. Ba6 Ng6 55. Be2 Nf4 56. Ba6 c5 57. bxa5 bxa5 58. Bf1 Nd5 59. Bc4
Nxc3 60. g5 Nd5 61. g6 Ne7 62. g7 Bg3 63. g8=Q Nxg8 1/2-1/2

[Event "9th Sunway Sitges TB 7-8 2022"]
[Site "Sitges ESP"]
[Date "2022.12.22"]
[Round "1.2"]
[White "Karthikeyan, Murali"]
[Black "Bernadskiy, Vitaliy"]
[Result "1/2-1/2"]
[WhiteTitle "GM"]
[BlackTitle "GM"]
[WhiteElo "2620"]
[BlackElo "2617"]
[WhiteFideId "5074452"]
[BlackFideId "14100371"]

1. e4 Nf6 2. e5 Nd5 3. d4 d6 4. Nf3 dxe5 5. Nxe5 c6 6. Bd3 Nd7 7. Nxd7 Bxd7 8.
O-O g6 9. Nd2 Bg7 10. Nf3 Bg4 11. c3 O-O 12. h3 Bxf3 13. Qxf3 e6 14. g3 a5 15.
a4 Qb6 16. Kg2 c5 17. dxc5 Qxc5 18. h4 Rfd8 19. Rd1 h5 20. Bg5 Rd7 21. Be4 Ra6
22. Rd2 Rad6 23. Rad1 Qc4 24. Bxd5 Rxd5 25. Rxd5 exd5 26. Qf4 d4 27. cxd4 Qxa4
28. Rd3 Rxd4 29. Rxd4 Qxd4 30. Qb8+ Kh7 31. Qxb7 Qxb2 32. Qxf7 a4 33. g4 Qb3 34.
Qd7 hxg4 35. h5 Qf3+ 36. Kg1 gxh5 37. Qxa4 g3 38. Qc2+ Kg8 39. Qc4+ Kf8 40. Qf4+ 1/2-1/2

[Event "9th Sunway Sitges TB 7-8 2022"]
[Site "Sitges ESP"]
[Date "2022.12.22"]
[Round "1.3"]
[White "Karthikeyan, Murali"]
[Black "Bernadskiy, Vitaliy"]
[Result "0-1"]
[WhiteTitle "GM"]
[BlackTitle "GM"]
[WhiteElo "2620"]
[BlackElo "2617"]
[WhiteFideId "5074452"]
[BlackFideId "14100371"]
[EventDate "2022.12.12"]

1. e4 Nf6 2. e5 Nd5 3. c4 Nb6 4. d4 d6 5. f4 dxe5 6. fxe5 Bf5 7. Nc3 e6 8. Be3
Bb4 9. Nf3 O-O 10. Be2 c5 11. O-O cxd4 12. Nxd4 Bg6 13. Rc1 N8d7 14. Nf3 Rc8 15.
a3 Bc5 16. Bxc5 Nxc5 17. Nb5 Nd3 18. Nxa7 Rxc4 19. Rxc4 Nxc4 20. Qb3 Ncxb2 21.
Qxb7 Qa5 22. Nc6 Qc5+ 23. Kh1 Kh8 24. Ne7 Bh5 25. h3 Bxf3 26. Rxf3 Nxe5 27. Rb3
Qc1+ 28. Kh2 Qf4+ 29. g3 Qf2+ 30. Qg2 Qc5 31. Rxb2 Qxe7 32. Ra2 Qc5 33. a4 Qa5
34. Qb7 h6 35. Qb5 Ra8 36. Qxa5 Rxa5 37. Kg2 Nc6 38. Bb5 Nd4 39. Be8 Kg8 40. Kf2
Kf8 41. Bd7 Ke7 0-1

[Event "9th Sunway Sitges TB 4-7 2022"]
[Site "Sitges ESP"]
[Date "2022.12.22"]
[Round "1.1"]
[White "Bernadskiy, Vitaliy"]
[Black "Petrosyan, Manuel"]
[Result "0-1"]
[WhiteTitle "GM"]
[BlackTitle "GM"]
[WhiteElo "2617"]
[BlackElo "2621"]
[WhiteFideId "14100371"]
[BlackFideId "13300857"]
[EventDate "2022.12.12"]

1. e3 Nf6 2. g4 d5 3. g5 Ne4 4. h4 h5 5. d3 Nd6 6. Nc3 c6 7. e4 g6 8. exd5 Bg7
9. dxc6 Nxc6 10. Bh3 O-O 11. Bxc8 Rxc8 12. Nf3 Nf5 13. Ne4 Nb4 14. c3 Nxd3+ 15.
Ke2 Nxc1+ 16. Rxc1 Qb6 17. Qb3 Qa6+ 18. Kd1 Rfd8+ 19. Ned2 Qd3 20. Ke1 Rc6 21.
c4 Re6+ 22. Kd1 Qe2+ 23. Kc2 Rxd2+ 0-1

[Event "9th Sunway Sitges TB 4-7 2022"]
[Site "Sitges ESP"]
[Date "2022.12.22"]
[Round "1.1"]
[White "Yu, Yangyi"]
[Black "Durarbayli, Vasif"]
[Result "1/2-1/2"]
[WhiteTitle "GM"]
[BlackTitle "GM"]
[WhiteElo "2728"]
[BlackElo "2612"]
[WhiteFideId "8603820"]
[BlackFideId "13402935"]
[EventDate "2022.12.12"]

1. d4 d5 2. Nf3 Nf6 3. c4 c6 4. Nc3 e6 5. e3 Nbd7 6. Qc2 Bd6 7. Be2 O-O 8. O-O
dxc4 9. a4 e5 10. Bxc4 exd4 11. exd4 Nb6 12. Bb3 Nbd5 13. Bg5 Be6 14. Nxd5 cxd5
15. Qd3 Be7 16. Rfe1 Rc8 17. Ne5 Ne4 18. Bxe7 Qxe7 19. f3 Nd6 20. Qd2 Qc7 21. a5
Nf5 22. Qb4 Qe7 23. Qxe7 Nxe7 24. Kf2 Rfd8 25. Rec1 f6 26. Nd3 Nc6 27. Ra4 b5
28. axb6 axb6 29. Nf4 Bf7 30. Rc3 b5 31. Ra6 Nxd4 32. Bxd5 Bxd5 33. Nxd5 Rxc3
34. Nxc3 b4 35. Ne4 f5 36. Nd6 f4 37. Rb6 b3 38. g3 g5 39. Ne4 Rc8 40. Nc3 Kg7
41. gxf4 gxf4 42. Rb4 Rd8 43. Ne2 Nc2 44. Rb7+ Kf6 45. Rb6+ Ke5 46. Rb5+ Kf6 47.
Rb6+ Ke5 48. Rb5+ Kf6 49. Nxf4 Rd2+ 50. Kg3 Nd4 51. Nd5+ Ke6 52. Nf4+ Kf6 53.
Nd5+ Ke6 54. Nf4+ 1/2-1/2

[Event "9th Sunway Sitges TB 4-7 2022"]
[Site "Sitges ESP"]
[Date "2022.12.22"]
[Round "1.2"]
[White "Petrosyan, Manuel"]
[Black "Bernadskiy, Vitaliy"]
[Result "1-0"]
[WhiteTitle "GM"]
[BlackTitle "GM"]
[WhiteElo "2621"]
[BlackElo "2617"]
[WhiteFideId "13300857"]
[BlackFideId "14100371"]
[EventDate "2022.12.12"]

1. d4 e6 2. c4 c5 3. Nf3 cxd4 4. Nxd4 Nc6 5. g3 Qb6 6. Nb5 Nf6 7. Bg2 Bb4+ 8.
N1c3 O-O 9. O-O Ne5 10. Qb3 Qc5 11. Bf4 Nxc4 12. Nc7 e5 13. Nxa8 Na5 14. Qa4
exf4 15. Rac1 fxg3 16. hxg3 Bxc3 17. Rxc3 Qe5 18. f4 Qxe2 19. Qxa5 d5 20. Qxa7
Qxb2 21. Rb3 Qd2 22. Qf2 Qa5 23. Nb6 Ng4 24. Qd4 Bf5 25. Nxd5 Be6 26. f5 Bxd5
27. Bxd5 Nf6 28. Bxb7 Rd8 29. Qb6 Qd2 30. Bg2 h6 31. Rb2 Qd3 32. Qb3 Qd4+ 33.
Kh1 Ng4 34. Re2 Qf6 35. Qf3 Qg5 36. Bh3 Nf6 37. Kg2 Rd4 38. Rfe1 Kh7 39. Qe3 Qh5
40. Qxd4 1-0

[Event "9th Sunway Sitges TB 4-7 2022"]
[Site "Sitges ESP"]
[Date "2022.12.22"]
[Round "1.2"]
[White "Durarbayli, Vasif"]
[Black "Yu, Yangyi"]
[Result "1/2-1/2"]
[WhiteTitle "GM"]
[BlackTitle "GM"]
[WhiteElo "2612"]
[BlackElo "2728"]
[WhiteFideId "13402935"]
[BlackFideId "8603820"]
[EventDate "2022.12.12"]

1. e4 e5 2. Nf3 Nf6 3. Nxe5 d6 4. Nf3 Nxe4 5. d4 d5 6. Bd3 Nc6 7. O-O Be7 8. Re1
Bf5 9. Nc3 Nxc3 10. bxc3 Bg6 11. Rb1 Rb8 12. Bb5 O-O 13. Bxc6 bxc6 14. Rxb8 Qxb8
15. Rxe7 Qb1 16. Qe1 Qxc2 17. Re8 Be4 18. Rxf8+ Kxf8 19. Ne5 f6 20. Nxc6 Qa4 21.
f3 Qxc6 22. fxe4 dxe4 23. Ba3+ Kf7 24. Bc5 a5 25. Qe2 Qd5 26. c4 Qg5 27. Qxe4
Qc1+ 28. Kf2 Qd2+ 29. Qe2 Qf4+ 30. Kg1 Qc1+ 31. Qf1 Qe3+ 32. Kh1 a4 33. a3 h5
34. h3 h4 35. Qd1 g5 36. Bb4 Qe4 37. Qg4 Qd3 38. d5 Kg6 39. Kh2 f5 40. Qf3 Qxc4
41. d6 cxd6 42. Bxd6 Qe6 43. Bb8 g4 44. hxg4 fxg4 45. Qd3+ Qf5 46. Qa6+ Kh5 47.
Qe2 Kg6 48. Qe8+ Kh6 49. Qe3+ Kg6 50. Qe8+ Kh6 51. Qxa4 g3+ 52. Bxg3 hxg3+ 53.
Kxg3 Qd3+ 54. Kh2 Qd6+ 55. Kh3 Qd3+ 56. Kh2 Qd6+ 57. Kh1 Qd2 58. Qh4+ Kg6 59. a4
Kf5 60. Qh3+ Kg5 61. Kh2 Qa2 62. Qg3+ Kf5 63. Qf3+ Kg5 64. Qe4 Qa3 65. Qe5+ Kg4
66. a5 Qa4 67. Qe6+ Kg5 68. Qd5+ Kf6 69. Qf3+ Kg5 70. Qg3+ Kf5 71. Qd3+ Kg5 72.
Qe3+ Kf5 73. Qc5+ Kg4 74. Qe5 Qc4 75. Qg3+ Kf5 76. Kh3 Qa4 77. Qf3+ Kg5 78. Qe3+
Kf5 79. Qd3+ Kg5 80. Qd5+ Kf6 81. g3 Qa1 82. Kh4 Kg6 83. Qg5+ Kf7 84. Qf5+ Kg7
85. Qg5+ Kf7 86. Qd5+ Kg6 87. Kg4 Qa4+ 88. Kf3 Qa3+ 89. Kf4 Qc1+ 90. Kg4 Qc8+
91. Kf4 Qc1+ 92. Ke5 Qc3+ 93. Ke6 Qc8+ 94. Ke5 Qc3+ 95. Ke6 Qc8+ 96. Kd6 Qd8+
97. Kc6 Qa8+ 98. Kd6 Qd8+ 99. Ke5 Qg5+ 100. Kd4 Qd2+ 101. Kc4 Qa2+ 102. Kd4 Qd2+
103. Ke4 Qg2+ 104. Ke5 Qxg3+ 105. Ke6 Qe3+ 106. Kd6 Kf6 107. Kc6 Qc3+ 108. Kb6
Qb2+ 109. Qb5 Qf2+ 110. Qc5 Qb2+ 111. Kc7 Qa2 112. Qd6+ Kg5 113. a6 Qc4+ 114.
Kb6 Qb3+ 115. Kc7 Qc3+ 116. Kd7 Qh3+ 117. Kd8 Qh8+ 118. Kd7 Qh3+ 119. Kd8 Qh8+
120. Kc7 Qc3+ 121. Qc6 Qe5+ 122. Kb6 Qb8+ 123. Kc5 Qf8+ 124. Qd6 Qf2+ 125. Qd4
Qc2+ 126. Kd6 Qg6+ 1/2-1/2

[Event "9th Sunway Sitges TB 4-7 2022"]
[Site "Sitges ESP"]
[Date "2022.12.22"]
[Round "1.3"]
[White "Yu, Yangyi"]
[Black "Durarbayli, Vasif"]
[Result "1/2-1/2"]
[WhiteTitle "GM"]
[BlackTitle "GM"]
[WhiteElo "2728"]
[BlackElo "2612"]
[WhiteFideId "8603820"]
[BlackFideId "13402935"]
[EventDate "2022.12.12"]

1. e4 e5 2. Nf3 Nc6 3. d4 exd4 4. Nxd4 Bc5 5. Be3 Qf6 6. c3 Nge7 7. Bc4 b6 8.
O-O Bb7 9. Nc2 Ne5 10. Bxc5 bxc5 11. Bd5 Nxd5 12. exd5 O-O 13. Ne3 Ba6 14. Re1
Nd3 15. Re2 Nf4 16. Rd2 Qg5 17. Qg4 Qxg4 18. Nxg4 Rfe8 19. Ne3 Re4 20. b3 c4 21.
Na3 cxb3 22. axb3 Ne2+ 23. Kh1 Nxc3 24. Rc1 Nb5 25. Nxb5 Bxb5 26. Rxc7 Rb4 27.
Rdc2 g6 28. R2c3 Kg7 29. h3 a6 30. Kh2 Re8 31. Nc4 Re2 32. Rf3 Re7 33. Rb7 f5
34. Rc3 Kf6 35. f3 Kg5 36. Kg3 f4+ 37. Kh2 Re2 38. d6 Re1 39. Rb6 Rd1 40. g3
fxg3+ 41. Kxg3 Kf6 42. Rb8 Rb1 43. Nd2 Rg1+ 44. Kf2 Rd1 45. Ne4+ Ke5 46. Rc5+
Kd4 47. Rc3 a5 48. Rc5 Bd3 49. Rxb4+ axb4 50. Rc7 Bxe4 51. Rc4+ Kd5 52. Rxe4 Kc5
53. Re5+ Kc6 54. Re4 Kc5 55. Rc4+ Kb5 56. Ke3 Rxd6 57. f4 Rd1 58. Rc8 Rb1 59.
Rb8+ Kc5 60. Rc8+ Kb5 61. Rb8+ Kc5 62. Rc8+ Kb5 63. Kd4 Rd1+ 64. Ke4 Rb1 65. Kd5
Rd1+ 66. Ke5 Rd3 67. Rb8+ Kc5 68. Rc8+ Kb5 69. Rb8+ Kc5 70. Rc8+ Kb5 71. Ke4 1/2-1/2

[Event "9th Sunway Sitges TB 4-7 2022"]
[Site "Sitges ESP"]
[Date "2022.12.22"]
[Round "2.1"]
[White "Petrosyan, Manuel"]
[Black "Durarbayli, Vasif"]
[Result "1-0"]
[WhiteTitle "GM"]
[BlackTitle "GM"]
[WhiteElo "2621"]
[BlackElo "2612"]
[WhiteFideId "13300857"]
[BlackFideId "13402935"]
[EventDate "2022.12.12"]

1. d4 d5 2. Bf4 c5 3. e3 Nc6 4. Nf3 cxd4 5. exd4 Bg4 6. c3 Qb6 7. Nbd2 Qxb2 8.
Rb1 Qxc3 9. Rxb7 e5 10. Bxe5 f6 11. Bg3 Bb4 12. Be2 Bxf3 13. Bxf3 Nge7 14. a3
Ba5 15. Bd6 O-O-O 16. Bb4 Bxb4 17. Rxb4 Nxb4 18. axb4 Nc6 19. O-O Nxd4 20. Bg4+
Kb8 21. Nf3 Nxf3+ 22. Bxf3 Rhe8 23. h3 Re5 24. Qa4 Qc7 25. Ra1 Rde8 26. g3 Re1+
27. Kg2 R8e7 28. Rxe1 Rxe1 29. Bxd5 Re5 30. Bf3 Kc8 31. Qa2 Kd8 32. Qg8+ Re8 33.
Qxh7 Qd7 34. h4 Kc7 35. h5 Re5 36. Qc2+ Kb6 37. Qc4 Qd6 38. Qc8 Re7 39. Qc4 Re5
40. Qg4 Re7 41. Qc4 Rc7 42. Qb3 a6 43. Qa4 Qe5 44. Qa2 Ka7 45. Qg8 Re7 46. Qd8
Qc7 47. Qd5 Kb6 48. h6 gxh6 49. Qd4+ Kb5 50. Qxf6 Kxb4 51. Qxa6 Rh7 52. Bc6 Kc5
53. Qb5+ Kd6 54. Qd5+ Ke7 55. Qe4+ Kd6 56. Qg6+ Kc5 57. Bf3 Kb4 58. Be4 Re7 59.
Bd5 Kc5 60. Bf3 Qd6 61. Qb1 Qf6 62. Qc2+ Kb6 63. Qb3+ Kc7 64. Qb7+ Kd8 65. Qb8+
Kd7 66. Bg4+ Kc6 67. Qc8+ Kb6 68. Bf3 Qd6 69. Qf8 Kc7 70. Qa8 Qb6 71. Qd5 Rd7
72. Qc4+ Kb8 73. Qf4+ Qd6 74. Qe4 Kc7 75. Qa8 Kb6 76. Qa4 Kc7 77. Qh4 Kb6 78.
Qc4 Ka7 79. Qb5 Re7 80. Bc6 Qc7 1-0

[Event "9th Sunway Sitges TB 4-7 2022"]
[Site "Sitges ESP"]
[Date "2022.12.22"]
[Round "2.1"]
[White "Yu, Yangyi"]
[Black "Bernadskiy, Vitaliy"]
[Result "1/2-1/2"]
[WhiteTitle "GM"]
[BlackTitle "GM"]
[WhiteElo "2728"]
[BlackElo "2617"]
[WhiteFideId "8603820"]
[BlackFideId "14100371"]
[EventDate "2022.12.12"]

1. d4 d5 2. c4 c6 3. cxd5 cxd5 4. Nc3 Nf6 5. Bf4 a6 6. e3 Nc6 7. Be2 Bf5 8. Nf3
e6 9. O-O Bd6 10. Bxd6 Qxd6 11. Qb3 b5 12. Rfc1 O-O 13. Qd1 Rfc8 14. Bd3 Bxd3
15. Qxd3 Rc7 16. a4 Na5 17. Nd2 b4 18. Ne2 Rac8 19. f3 Nc4 20. b3 Nxd2 21. Qxd2
a5 22. Rxc7 Rxc7 23. Rc1 Kf8 24. Nf4 Ke7 25. Nd3 Nd7 26. Rc2 Kd8 27. Qc1 Rxc2
28. Qxc2 Qc7 29. Qxc7+ Kxc7 30. Kf2 Kd6 31. e4 dxe4 32. fxe4 f5 33. Nb2 fxe4 34.
Nc4+ Kd5 35. Ke3 e5 36. dxe5 Nxe5 37. Nb6+ Kc5 38. Kxe4 Ng4 39. Nc4 Nxh2 40.
Nxa5 Nf1 41. Nc4 Ng3+ 42. Ke5 Ne2 43. Nd2 Nc1 44. g4 Nd3+ 45. Ke4 Nf2+ 46. Kf3
Nd3 47. Ke3 Ne5 48. Kf4 Nc6 49. Ke4 Na5 50. Ke5 Nc6+ 51. Ke4 Na5 52. g5 Nc6 53.
Nf3 Ne7 54. Ne5 Nc6 55. Nd3+ Kb6 56. Kd5 Na5 57. Nxb4 Nxb3 58. Ke6 Nc5+ 59. Kf5
Nxa4 60. g6 hxg6+ 61. Kxg6 Kc5 62. Kxg7 1/2-1/2

[Event "9th Sunway Sitges TB 4-7 2022"]
[Site "Sitges ESP"]
[Date "2022.12.22"]
[Round "2.2"]
[White "Durarbayli, Vasif"]
[Black "Petrosyan, Manuel"]
[Result "1/2-1/2"]
[WhiteTitle "GM"]
[BlackTitle "GM"]
[WhiteElo "2612"]
[BlackElo "2621"]
[WhiteFideId "13402935"]
[BlackFideId "13300857"]

1. e4 e5 2. Nf3 Nc6 3. Bb5 a6 4. Ba4 Nf6 5. O-O Nxe4 6. d4 b5 7. Bb3 d5 8. dxe5
Be6 9. c3 Be7 10. Re1 O-O 11. Nd4 Nxd4 12. cxd4 f5 13. exf6 Rxf6 14. f3 Nd6 15.
Rxe6 Rxe6 16. Bxd5 Qc8 17. Qe2 Kf7 18. Nc3 c6 19. Bxe6+ Qxe6 20. Qf2 Bf6 21. Bf4
Nf5 22. Be5 Bxe5 23. dxe5 Qxe5 24. Rd1 Qe3 25. Rd7+ Kg8 26. Qxe3 Nxe3 27. Kf2
Nc4 28. b3 Ne5 29. Re7 Nd3+ 30. Ke3 Rd8 31. Ne2 Nb4 32. Ke4 Kf8 33. Re5 Nxa2 34.
Nf4 Nc3+ 35. Kf5 Kf7 36. Rc5 Nd5 37. Nxd5 Rxd5+ 38. Rxd5 cxd5 39. b4 a5 40. bxa5
b4 41. a6 b3 42. a7 b2 43. a8=Q b1=Q+ 44. Kf4 Qb4+ 45. Kg3 Qd6+ 46. f4 Qg6+ 47.
Kf2 Qc2+ 48. Kg3 Qg6+ 1/2-1/2

[Event "9th Sunway Sitges TB 4-7 2022"]
[Site "Sitges ESP"]
[Date "2022.12.22"]
[Round "2.2"]
[White "Bernadskiy, Vitaliy"]
[Black "Yu, Yangyi"]
[Result "0-1"]
[WhiteTitle "GM"]
[BlackTitle "GM"]
[WhiteElo "2617"]
[BlackElo "2728"]
[WhiteFideId "14100371"]
[BlackFideId "8603820"]
[EventDate "2022.12.12"]

1. d4 Nf6 2. Bg5 d5 3. Nd2 Nbd7 4. Ngf3 e6 5. e4 dxe4 6. Nxe4 h6 7. Bxf6 Nxf6 8.
Bd3 Bd6 9. c3 Bd7 10. Nxf6+ Qxf6 11. Be4 O-O 12. O-O Rfd8 13. Qe2 Rab8 14. Ne5
Be8 15. f4 c5 16. d5 exd5 17. Bxd5 b5 18. Qe4 c4 19. Rad1 Bc5+ 20. Kh1 Rd6 21.
Rd2 Rbd8 22. Rfd1 Kf8 23. h3 g6 24. Kh2 h5 25. g4 hxg4 26. hxg4 g5 27. Rf1 gxf4
28. Rxf4 Qh6+ 29. Kg3 Rf6 30. Rxf6 Qxf6 31. Kg2 Bd6 32. Nf3 Qf4 33. Qh7 Qxg4+
34. Kf1 Qg7 35. Qf5 Bd7 36. Qh5 Bg4 37. Qh4 Be7 38. Qg3 Bf5 39. Qxg7+ Kxg7 40.
Kg2 Kf6 41. Bc6 Rg8+ 42. Kf1 Bd3+ 43. Ke1 a6 44. Bb7 a5 45. Rf2 Bc5 46. Rh2 Be3
47. Rh5 b4 48. Rxa5 bxc3 49. bxc3 Rh8 50. Kd1 Rh1+ 51. Ne1 Rh2 52. Ng2 Rh1+ 53.
Ne1 Rg1 54. Ra8 Ke7 55. Bc6 Kd6 56. Re8 Bg5 57. Be4 f5 58. Bf3 Bh4 59. Kd2 Be4
60. Bxe4 Bxe1+ 61. Ke2 fxe4 62. Rxe4 Kd5 63. Rd4+ Kc5 64. Rd1 Bf2 65. Rd8 Bh4
66. Rc8+ Kd5 67. Rh8 Bf6 0-1

[Event "9th Sunway Sitges TB 2-3 2022"]
[Site "Sitges ESP"]
[Date "2022.12.22"]
[Round "1.1"]
[White "Tabatabaei, M. Amin"]
[Black "Niemann, Hans Moke"]
[Result "1-0"]
[WhiteTitle "GM"]
[BlackTitle "GM"]
[WhiteElo "2660"]
[BlackElo "2698"]
[WhiteFideId "12521213"]
[BlackFideId "2093596"]
[EventDate "2022.12.12"]

1. d4 Nf6 2. Nf3 d5 3. Bf4 g6 4. e3 Bg7 5. h3 O-O 6. c3 c5 7. Nbd2 Nc6 8. Be2
Qb6 9. Qb3 c4 10. Qa3 Re8 11. b3 cxb3 12. axb3 Bf5 13. O-O Ne4 14. Nxe4 Bxe4 15.
Nd2 Bf5 16. c4 e5 17. dxe5 Nxe5 18. cxd5 Nd3 19. Nc4 Qd8 20. Bxd3 Bxd3 21. Rfd1
Bxa1 22. Qxa1 Bxc4 23. bxc4 f6 24. c5 Kg7 25. c6 Qc8 26. d6 Qxc6 27. d7 Rf8 28.
Qa3 Qe6 29. Bc7 Rad8 30. Bxd8 Rxd8 31. Rd6 Qe5 32. Qd3 Qa1+ 33. Kh2 Qe5+ 34. f4
Qc5 35. e4 Kf7 36. Qb3+ Kg7 37. Qe6 Qc7 38. Qxf6+ Kg8 39. Qe6+ Kh8 40. e5 a5 41.
Qe8+ Kg7 42. Qe7+ Kg8 43. e6 1-0

[Event "9th Sunway Sitges TB 2-3 2022"]
[Site "Sitges ESP"]
[Date "2022.12.22"]
[Round "2.2"]
[White "Niemann, Hans Moke"]
[Black "Tabatabaei, M. Amin"]
[Result "1-0"]
[WhiteTitle "GM"]
[BlackTitle "GM"]
[WhiteElo "2698"]
[BlackElo "2660"]
[WhiteFideId "2093596"]
[BlackFideId "12521213"]
[EventDate "2022.12.12"]

1. d4 Nf6 2. Nf3 d5 3. e3 c5 4. dxc5 Qa5+ 5. Nbd2 g6 6. a3 Qxc5 7. b4 Qb6 8. c4
Bg7 9. Bb2 O-O 10. Be2 Rd8 11. c5 Qc7 12. Rc1 a6 13. a4 Ne4 14. Bxg7 Kxg7 15.
O-O Bg4 16. Nb3 Kg8 17. b5 axb5 18. axb5 e6 19. h3 Bxf3 20. Bxf3 Nd7 21. Bxe4
dxe4 22. Qd4 Qe5 23. Rfd1 Qxd4 24. Rxd4 Nf6 25. Rxd8+ Rxd8 26. Na5 Rb8 27. Nxb7 1-0

[Event "9th Sunway Sitges TB 2-3 2022"]
[Site "Sitges ESP"]
[Date "2022.12.22"]
[Round "2.3"]
[White "Tabatabaei, M. Amin"]
[Black "Niemann, Hans Moke"]
[Result "0-1"]
[WhiteTitle "GM"]
[BlackTitle "GM"]
[WhiteElo "2660"]
[BlackElo "2698"]
[WhiteFideId "12521213"]
[BlackFideId "2093596"]
[EventDate "2022.12.12"]

1. d4 Nf6 2. Nf3 e6 3. Bf4 b6 4. e3 Bb7 5. Nbd2 c5 6. h3 Nc6 7. c3 cxd4 8. exd4
Be7 9. Bd3 d6 10. O-O O-O 11. Re1 Re8 12. Qe2 h6 13. Bg3 Nb8 14. a4 a6 15. Ne4
Nxe4 16. Bxe4 Bxe4 17. Qxe4 Nd7 18. Re2 Nf6 19. Qd3 Qd7 20. Nd2 b5 21. b3 Bf8
22. c4 bxc4 23. bxc4 Reb8 24. Ree1 Rb4 25. a5 Rab8 26. Rec1 R8b7 27. d5 exd5 28.
cxd5 Qb5 29. Qxb5 R4xb5 30. Rc6 Rxd5 31. Nf1 Ra7 32. Rc8 g6 33. Ne3 Rd3 34. Rb1
Kg7 35. Rbb8 Nd7 36. Rb1 Nf6 37. Nc4 Ne4 38. Bf4 Be7 39. Be3 Rd7 40. Ra8 Rc7 41.
Nb6 Bg5 42. Bxg5 hxg5 43. Rxa6 Rc2 44. Ra7 Rdd2 45. Rf1 Nxf2 46. Nc4 Rxc4 47.
Rxf2 Rc1+ 48. Rf1 Rxf1+ 49. Kxf1 Ra2 50. a6 d5 51. Ra8 d4 52. Ke1 Rxg2 53. a7
Ra2 54. Kd1 d3 0-1